Music Quiz

Random Music or Album Quiz

Beatles song containing the word girl Quiz Stats

 Plays Quiz not verified by Sporcle

Challenge
Share
Tweet
Embed
Score 0/6 Timer 02:00
0 Plays Today
Album Song % Correct
Rubber SoulGirl
97.9%
HelpYou're Going To Lose That Girl
71.1%
HelpAnother Girl
51.5%
B-SideThank You Girl
34%
1st song wrote by McCartney-No AlbumI Lost My Little Girl
18.6%
Anthology 1Hello Little Girl
8.2%

You're not logged in!

Compare scores with friends on all Sporcle quizzes.
Join for Free
OR
Log In

You Might Also Like...

Show Comments

Extras

Created Oct 6, 2010ReportNominate
Tags:Album Quiz, Song Quiz, girl

Top Quizzes Today


Score Distribution

Your Account Isn't Verified!

In order to create a playlist on Sporcle, you need to verify the email address you used during registration. Go to your Sporcle Settings to finish the process.

Report this User

Report this user for behavior that violates our Community Guidelines.

Details: